LEADER 01536nam a2200289 i 4500 001 000000235327 003 CaOOAMICUS 005 20220818102514.0 008 141104s1796 it u000 u ita u 013 $a214230 026 $aNon rilevabile 040 $aSeMil$bita 100 1 $aMarchetti, Giovanni,$c.$0(OLS)http://semarc/name/12331 245 10$aBreve storia dei prodigiosi segni dati costantemente da una sacra immagine della Santissima Vergine Maria posta nella cattedrale di S. Ciriaco di Ancona tratta da Relazioni autentiche e dalla Raccolta di varie lettere stampate ... dallo Zempel .. 260 $f(Dalle Venete Stampe,$g1796) 300 $a[16] p. ;$c8°. 500 $aTitolo della intitolazione 500 $aCon due incisioni raffiguranti la SS. Vergine in testa al front. 500 $aSegn.: A8 500 $aLegato con 3C-I-56 FA 650 4$aMadonna - Culto.$0(OLS)http://semarc/subject/1204 700 1 $aZempel, Giovanni,$c.$0(OLS)http://semarc/name/6706 850 $aSeMil 852 $aSeMil$W1$xVenegono$y1$m3C I 61 FA$j185673$B185673$CSeMilBibl$Z2$F196571 $8I 996 $6245$aBreve storia dei prodigiosi segni dati costantemente da una sacra immagine della Santissima Vergine Maria posta nella cattedrale di S. Ciriaco di Ancona tratta da Relazioni autentiche e dalla Raccolta di varie lettere stampate ... dallo Zempel ..$9(OLS)http://semarc/title/335571 996 $6260$a[S.l.] :$b[s.n.]$9(OLS)http://semarc/publisher/0 LEADER 00541nab a2200145 i 4500 001 000000314887 003 CaOOAMICUS 005 20180831173140.0 008 180831n xx uu u0 0und r 013 $a23976 040 $aSeMil$bita 100 1 $aDianich, Severino <1934- >.$0(OLS)http://semarc/name/16304 245 13$aLa corruzione della natura e la grazia nelle opzioni fondamentali. 773 0 $t[Gennaio-Dicembre].$g203-220$w()274271 996 $6245$aLa corruzione della natura e la grazia nelle opzioni fondamentali$9(OLS)http://semarc/title/389010